000 00768nam a2200217 i 4500
001 33250
003 ES-MaACL
005 20250728030702.0
007 t|
008 030201s1982 sp ||||1| spa d
100 1 _aBerenguer Mora, Francisco.
_927895
245 1 0 _aBañeres y San Jorge /
_cFrancisco Berenguer Mora ; prólogo de Adolfo Domínguez Moltó.
250 _a2ª ed.
260 _aAlicante :
_b[Caja de Ahorros Provincial],
_c1982.
300 _aXX, 114 p. ;
_c22 cm.
490 1 _aPublicaciones de la Caja de Ahorros Provincial ;
_v93
700 1 _aDomínguez Moltó, Adolfo.
_945227
830 0 0 _aPublicaciones de la Caja de Ahorros Provincial de Alicante
_v93
_9186986
852 _aES-MaACL
_jL-3401
_bR.104079
999 _c33250
_d33250